000 00527nam a22001937a 4500
005 20251108170915.0
008 250721s1993 xx 000 0 ara d
082 1 4 _aط/551.483/نيل
245 1 0 _aالنيل /
250 _aط2
264 1 _aبيروت :
_bمكتبة لبنان،
_c1993.
300 _a32ص
490 0 _aكتب الفراشة ؛ 16
650 1 7 _aالأنهار
650 1 7 _aنهر النيل
653 _aمرحلة اطفال متوسطة (6-9) سنزات
942 _2ddc
_cBK
999 _c51823
_d51823